000 00767nam a2200181 i 4500
001 153254
003 ES-MaACL
005 20250816092953.0
008 051013s1866 xxkf |||| | eng d
245 0 0 _aConsult me to know how to cook ... consult me on confectionery ... consult me on household management and economy ... consult me on diseases ans their remedies ...
_b: the book that every family needs.
260 _aWakefield [etc.] :
_bWilliam Nicholson and Sons,
_c[s.a.]
300 _a460 p., [1] h. de lám. ;
_c17 cm.
596 _aPrelim. fechados en 1866.
599 _aLa h. de lám. cromolit.
650 7 _aEconomía doméstica
_2embne
_9135945
852 _aES-MaACL
_jC-3526
_z- Enc. ed. en tela roja con hierros dorados
999 _c153254
_d153254